Los consejos comunitarios del medio Atrato en la va̕ del posdesarrollo

Bibliographic Details
Main Author: Angel Baquero, Sergio
Format: Book
Language:Spanish
Published: Colombia Universidad Sergio Arboleda 2014
Subjects:
Online Access:Acceso restringido

MARC

LEADER 00000nam a22000007a 4500
005 2016011201091.0
007 cr|||| ||u|
008 160112s2014 ck ||||| |||| 00||0 spa d
020 |a 978-958-8745-84-8 
035 |a 13012 
040 |a vLex 
090 |c 5782  |d 5782 
100 1 |a Angel Baquero, Sergio 
245 1 4 |a Los consejos comunitarios del medio Atrato en la va̕ del posdesarrollo  |h [Recurso electrn̤ico] /  |c Sergio Angel Baquero  
256 |a Servicio en ln̕ea  
260 |a Colombia   |b Universidad Sergio Arboleda  |c 2014 
300 |a 1 recurso electrn̤ico (141 Pg̀inas.) 
500 |a Hacia un modelo deliberativo de organizacin̤ de las comunidades negras. 
506 1 |a Contenido solo disponible en los productos indicados  |d vLex Global  |d vLex Global (Academic Edition, excluding Law Schools)  |d vLex Global (U.S. Academic Edition, Law Schools)  |d vLex Global (U.S. Academic Edition, excluding Law Schools)  |d vLex Global (Academic Edition, Law Schools) 
650 0 4 |a Democratizacin̤   |z Colombia  
740 0 |a vLex libros (servicio en ln̕ea) 
856 4 0 |u http://vlex.com/source/consejos-comunitarios-medio-atrato-via-posdesarrollo-13012  |z Acceso restringido 
942 |c BOOK 
999 0 |a Democratization